| LEADER | 00920nam a2200241 u 4500 | ||
|---|---|---|---|
| 001 | 10083473 | ||
| 003 | upatras | ||
| 005 | 20210117210147.0 | ||
| 008 | 100205s1984 fr fre | ||
| 020 | |a 2866560167 | ||
| 040 | |a GR-PaULI |c GR-PaULI |b gre | ||
| 041 | 0 | |a fre | |
| 082 | 0 | 4 | |a 759.940 740 551 |
| 100 | |a Berti, Luciano |9 155680 |e συγγραφέας | ||
| 245 | 1 | 4 | |a Les offices : |b toutes les peintures exposees en 697 illustrations : Le couloir de Vasari / |c Luciano Berti |
| 260 | |a Paris : |b Scala, |c 1984 | ||
| 300 | |a 144 σ. : |b εικ. ; |c 30 εκ. | ||
| 504 | |a | ||
| 650 | 0 | |a Ζωγραφική |9 155681 |x Ιταλία |x Φλωρεντία | |
| 942 | |2 ddc |c BK15 | ||
| 952 | |0 0 |1 0 |2 ddc |4 0 |6 759_940000000000000_740_551_BER |7 0 |9 204009 |a LISP |b LISP |c BSC |d 2016-06-29 |i 090333 |l 0 |o 759.940 740 551 BER |p 025000093295 |r 2016-06-29 00:00:00 |t 1 |w 2016-06-29 |y BK15 | ||
| 998 | |c ΜΠΟΥΡΑΣ |d 2016-06 | ||
| 999 | |c 124315 |d 124315 | ||